Statistics for Country names by words included in them

Click here to take the quiz!

General Stats

  • This quiz has been taken 37 times
    (5 since last reset)
  • The average score is 18 of 19

Answer Stats

Cardinal Directions% Correct
East Timor
100%
Equatorial Guinea
100%
Equatorial Guinea
100%
Guinea
100%
Guinea-Bissau
100%
North Korea
100%
Papua New Guinea
100%
Saint Kitts and Nevis
100%
Saint Lucia
100%
Saint Vincent and the Grenadines
100%
South Africa
100%
South Korea
100%
United Arab Emirates
100%
United Kingdom
100%
United States of America
100%
Ecuador
80%
São Tomé and Príncipe
80%
South Sudan
80%
San Marino
60%

Score Distribution

Percentile by Number Answered

Percent of People with Each Score

Your Score History

You have not taken this quiz since the last reset